000 01370nam a2200385 i 4500
001 192934
003 SpMaBN
005 20250727062621.0
007 ta
008 230709s1893 sp 000 0 spa
016 7 _abimoBNE20010213028
_zBNPAB00134363
_2SpMaBN
035 _a(OCoLC)434331403
035 _aMimo0001652180
040 _aSpMaBN
_bspa
_cPAB
_dSpMaBN
080 _a308-055.2(091)
080 _a141.82
080 _a305
_2summary
100 0 _aBebel, August,
_d1840-1913
_0XX1200602
_926857
245 1 3 _aLa mujer ante el socialismo /
_cpor Augusto Bebel
260 _aMadrid :
_bBiblioteca de la mujer,
_c[ca. 1893]
300 _a319 p. ;
_c17 cm
336 _aTexto (visual)
_2isbdcontent
337 _asin mediación
_2isbdmedia
338 _2rdacarrier
_avolumen
490 1 _aBiblioteca de la mujer / dirigida por Emilia Pardo Bazán
_vt. 9
500 _aEn portada aparece numerado con el n. 10 de la serie, se trata en realidad del n. 9
650 7 _aMujeres
_xSituación social
_vHistoria
_2embne
_9167789
650 7 _aSocialismo
_2embne
_917147
830 _aBiblioteca de la mujer
_9233646
856 4 1 _uhttp://bdh-rd.bne.es/viewer.vm?id=0000252704&page=1
_yBiblioteca Digital Hispánica
942 _n0
_cMONOGRAFIA
956 _a2
999 _c192934
_d192934